Saving lives & saving money : (Record no. 457)

000 -LEADER
fixed length control field 01482nam a22004217a 4500
001 - CONTROL NUMBER
control field 9571131
003 - CONTROL NUMBER IDENTIFIER
control field LIBRIS
005 - DATE AND TIME OF LATEST TRANSACTION
control field 20210420061501.0
008 - FIXED-LENGTH DATA ELEMENTS--GENERAL INFORMATION
fixed length control field 040721s2003 dcuaf b 000 0 eng d
010 ## - LIBRARY OF CONGRESS CONTROL NUMBER
LC control number 2004351300
020 ## - INTERNATIONAL STANDARD BOOK NUMBER
International Standard Book Number 0970548540 (pbk.)
035 ## - SYSTEM CONTROL NUMBER
System control number (OCoLC)ocm52467552
035 ## - SYSTEM CONTROL NUMBER
System control number (DLC) 2004351300
040 ## - CATALOGING SOURCE
Original cataloging agency CO2
Transcribing agency CO2
Modifying agency DNS
-- TXA
-- DLC
042 ## - AUTHENTICATION CODE
Authentication code lccopycat
043 ## - GEOGRAPHIC AREA CODE
Geographic area code n-us---
050 00 - LIBRARY OF CONGRESS CALL NUMBER
Classification number RA395.A3
Item number G485 2003
080 ## - UNIVERSAL DECIMAL CLASSIFICATION NUMBER
Universal Decimal Classification number 614
Item number G-46
082 00 - DEWEY DECIMAL CLASSIFICATION NUMBER
Classification number 362.1/0425/0973
Edition number 22
084 ## - OTHER CLASSIFICATION NUMBER
Classification number Vp
Number source kssb/8 (machine generated)
100 1# - MAIN ENTRY--PERSONAL NAME
Personal name Gingrich, Newt.
245 10 - TITLE STATEMENT
Title Saving lives & saving money :
Remainder of title transforming health and healthcare /
Statement of responsibility, etc. Newt Gingrich with Dana Pavey and Anne Woodbury.
246 3# - VARYING FORM OF TITLE
Title proper/short title Saving lives and saving money
246 30 - VARYING FORM OF TITLE
Title proper/short title Transforming health and healthcare
260 ## - PUBLICATION, DISTRIBUTION, ETC.
Place of publication, distribution, etc. Washington, DC :
Name of publisher, distributor, etc. The Alexis de Tocqueville Institution,
Date of publication, distribution, etc. c2003.
300 ## - PHYSICAL DESCRIPTION
Extent iii, 308 p., [14] p. of plates :
Other physical details ill. ;
Dimensions 23 cm.
504 ## - BIBLIOGRAPHY, ETC. NOTE
Bibliography, etc. note Includes bibliographical references (p. 298-299) and web site resources (p. 297-298).
650 #0 - SUBJECT ADDED ENTRY--TOPICAL TERM
Topical term or geographic name entry element Health care reform
Geographic subdivision United States.
650 #0 - SUBJECT ADDED ENTRY--TOPICAL TERM
Topical term or geographic name entry element Medical policy
Geographic subdivision United States.
650 #0 - SUBJECT ADDED ENTRY--TOPICAL TERM
Topical term or geographic name entry element Medical care
Geographic subdivision United States.
650 #2 - SUBJECT ADDED ENTRY--TOPICAL TERM
Topical term or geographic name entry element Health Care Reform
Geographic subdivision United States.
650 #2 - SUBJECT ADDED ENTRY--TOPICAL TERM
Topical term or geographic name entry element Delivery of Health Care
Geographic subdivision United States.
650 #2 - SUBJECT ADDED ENTRY--TOPICAL TERM
Topical term or geographic name entry element Public Policy
Geographic subdivision United States.
653 ## - INDEX TERM--UNCONTROLLED
Uncontrolled term ჯანდაცვა
700 1# - ADDED ENTRY--PERSONAL NAME
Personal name Pavey, Dana.
Relationship aut
700 1# - ADDED ENTRY--PERSONAL NAME
Personal name Woodbury, Anne.
Relationship aut
942 ## - ADDED ENTRY ELEMENTS (KOHA)
Source of classification or shelving scheme
Koha item type Books
Holdings
Withdrawn status Lost status Source of classification or shelving scheme Damaged status Not for loan Permanent location Current location Date acquired Inventory number Total Checkouts Full call number Barcode Date last seen Price effective from Koha item type
          Ken Walker International University Ken Walker International University 11/26/2020 114   614 G-46 114 11/26/2020 11/26/2020 Books

Powered by Koha